[Event "CP-2014-S-00004"]
[Site "LSS email"]
[Date "2014.05.12"]
[Round "?"]
[White "Agrafenin, Andrey"]
[Black "Nepomuk, Hans"]
[Result "1/2-1/2"]
[WhiteElo "2214"]
[BlackElo "2169"]
[PlyCount "45"]
[EventDate "2014.05.18"]
[EventType "tourn (corr)"]
[EventRounds "7"]
[EventCountry "GER"]
[SourceTitle "Corr 2022"]
[Source "ChessBase"]
[SourceDate "2021.10.24"]
[SourceVersion "1"]
[SourceVersionDate "2021.10.24"]
[SourceQuality "1"]

1. e4 c6 2. d4 d5 3. e5 Bf5 4. Nf3 e6 5. Be2 Nd7 6. 0-0 Ne7 7. Nbd2 h6 8. Nb3 g5 9. a4 Bg7 10. a5 Qc7 11. Be3 Bg6 12. h3 0-0 13. Qd2 Nf5 14. c3 b6 15. axb6 axb6 16. g4 Nxe3 17. Qxe3 Bh7 18. h4 gxh4 19. Nxh4 f6 20. Rxa8 Rxa8 21. exf6 Nxf6 22. Qxe6+ Kh8 23. Qe5 1/2-1/2

[Event "CP-2014-S-00004"]
[Site "LSS email"]
[Date "2014.05.12"]
[Round "?"]
[White "Larin, Igor"]
[Black "Nepomuk, Hans"]
[Result "1/2-1/2"]
[WhiteElo "2313"]
[BlackElo "2169"]
[PlyCount "67"]
[EventDate "2014.05.18"]
[EventType "tourn (corr)"]
[EventRounds "7"]
[EventCountry "GER"]
[SourceTitle "Corr 2022"]
[Source "ChessBase"]
[SourceDate "2021.10.24"]
[SourceVersion "1"]
[SourceVersionDate "2021.10.24"]
[SourceQuality "1"]

1. d4 Nf6 2. c4 g6 3. Nc3 d5 4. cxd5 Nxd5 5. e4 Nxc3 6. bxc3 Bg7 7. Nf3 c5 8. Rb1 0-0 9. Be2 cxd4 10. cxd4 Qa5+ 11. Bd2 Qxa2 12. 0-0 Bg4 13. Bg5 h6 14. Be3 Nc6 15. d5 Na5 16. Bc5 b6 17. Bxe7 Rfe8 18. d6 Nc6 19. Bb5 Nxe7 20. Bxe8 Rxe8 21. dxe7 Rxe7 22. h3 Rd7 23. Qc1 Be6 24. Rd1 Rxd1+ 25. Qxd1 Bb2 26. Qd3 Bg7 27. e5 Bf8 28. Nd2 Qa5 29. Qd4 Qd5 30. Qxd5 Bxd5 31. Kf1 Bc5 32. f3 Bd4 33. Ke2 Bb7 34. Nc4 1/2-1/2

[Event "CP-2014-S-00004"]
[Site "LSS email"]
[Date "2014.05.12"]
[Round "?"]
[White "Lemanczyk, Thomas"]
[Black "Nepomuk, Hans"]
[Result "1/2-1/2"]
[WhiteElo "2357"]
[BlackElo "2169"]
[PlyCount "37"]
[EventDate "2014.05.18"]
[EventType "tourn (corr)"]
[EventRounds "7"]
[EventCountry "GER"]
[SourceTitle "Corr 2022"]
[Source "ChessBase"]
[SourceDate "2021.10.24"]
[SourceVersion "1"]
[SourceVersionDate "2021.10.24"]
[SourceQuality "1"]

1. d4 Nf6 2. c4 g6 3. Nc3 d5 4. cxd5 Nxd5 5. e4 Nxc3 6. bxc3 Bg7 7. Nf3 c5 8. Be3 Qa5 9. Qd2 Nc6 10. Rb1 a6 11. Rc1 cxd4 12. cxd4 Qxd2+ 13. Kxd2 e6 14. d5 exd5 15. exd5 Ne5 16. Nxe5 Bxe5 17. g3 0-0 18. Bg2 Bf5 19. Bb6 1/2-1/2

[Event "SB-2013-0-00340"]
[Site "LSS email"]
[Date "2013.11.28"]
[Round "?"]
[White "Nepomuk, Hans"]
[Black "Cuttica, Gerardo Axel"]
[Result "1-0"]
[WhiteElo "1979"]
[BlackElo "1935"]
[PlyCount "39"]
[EventDate "2013.11.05"]
[EventType "tourn (corr)"]
[EventRounds "6"]
[EventCountry "GER"]
[SourceTitle "Corr 2015"]
[Source "ChessBase"]
[SourceDate "2015.07.17"]
[SourceVersion "1"]
[SourceVersionDate "2015.07.17"]
[SourceQuality "1"]

1. d4 d5 2. c4 c6 3. Nf3 Nf6 4. e3 e6 5. b3 Bb4+ 6. Nbd2 Ne4 7. Bd3 f5 8. 0-0 0-0 9. Ne5 Nxd2 10. Bxd2 Be7 11. a3 Nd7 12. Nf3 Nf6 13. Qc2 Qe8 14. Bb4 a5 15. Bxe7 Qxe7 16. b4 axb4 17. axb4 Bd7 18. c5 Ne4 19. Bxe4 fxe4 20. Ne5 1-0

[Event "SB-2013-0-00340"]
[Site "LSS email"]
[Date "2013.11.28"]
[Round "?"]
[White "Vodicka, Milan"]
[Black "Nepomuk, Hans"]
[Result "1/2-1/2"]
[WhiteElo "1933"]
[BlackElo "1979"]
[PlyCount "75"]
[EventDate "2013.11.05"]
[EventType "tourn (corr)"]
[EventRounds "6"]
[EventCountry "GER"]
[SourceTitle "Corr 2015"]
[Source "ChessBase"]
[SourceDate "2015.07.17"]
[SourceVersion "1"]
[SourceVersionDate "2015.07.17"]
[SourceQuality "1"]

1. d4 Nf6 2. c4 g6 3. Nc3 d5 4. Nf3 Bg7 5. Bf4 0-0 6. e3 c5 7. dxc5 Ne4 8. Rc1 Nd7 9. cxd5 Qa5 10. Qc2 Nxc3 11. bxc3 Nxc5 12. Nd2 Na4 13. Nb1 Bd7 14. Qd2 Rac8 15. c4 Qxd2+ 16. Kxd2 Rc5 17. e4 Rfc8 18. f3 e6 19. Be3 exd5 20. exd5 Ra5 21. a3 Nb2 22. Ke1 Ra4 23. Kf2 Nxc4 24. Bxc4 Raxc4 25. Rxc4 Rxc4 26. Bxa7 Rc2+ 27. Kg3 h5 28. h4 Be5+ 29. f4 Bf6 30. Be3 Ra2 31. Rd1 Bg4 32. Rd3 Bf5 33. Rb3 Be4 34. Nd2 Bxd5 35. Rd3 Bc6 36. Bc5 Rc2 37. Bb4 Kh7 38. Nf3 1/2-1/2

[Event "WC-2017-P-00007"]
[Site "LSS email"]
[Date "2013.02.27"]
[Round "?"]
[White "Lavis, Jon"]
[Black "Nepomuk, Hans"]
[Result "1/2-1/2"]
[WhiteElo "2022"]
[BlackElo "1979"]
[PlyCount "53"]
[EventDate "2013.03.03"]
[EventType "tourn (corr)"]
[EventRounds "12"]
[EventCountry "GER"]
[SourceTitle "Corr 2015"]
[Source "ChessBase"]
[SourceDate "2015.07.17"]
[SourceVersion "1"]
[SourceVersionDate "2015.07.17"]
[SourceQuality "1"]

1. Nf3 Nf6 2. c4 g6 3. Nc3 Bg7 4. e4 c5 5. d4 cxd4 6. Nxd4 Nc6 7. Be3 0-0 8. Be2 d6 9. 0-0 Bd7 10. Qd2 Nxd4 11. Bxd4 Bc6 12. f3 a5 13. b3 Nd7 14. Be3 Nc5 15. Rab1 Be5 16. Rbd1 Qb6 17. Kh1 Qb4 18. Nd5 Bxd5 19. exd5 Bc3 20. Qc1 Bg7 21. Bd2 Qb6 22. Qc2 e5 23. dxe6 Nxe6 24. Qc1 Rfe8 25. Bd3 Bd4 26. Rfe1 Rac8 27. Be4 1/2-1/2

[Event "WC-2017-P-00007"]
[Site "LSS email"]
[Date "2013.02.27"]
[Round "?"]
[White "Nepomuk, Hans"]
[Black "Boettcher, Fred"]
[Result "1/2-1/2"]
[WhiteElo "1979"]
[BlackElo "2133"]
[PlyCount "47"]
[EventDate "2013.03.03"]
[EventType "tourn (corr)"]
[EventRounds "12"]
[EventCountry "GER"]
[SourceTitle "Corr 2015"]
[Source "ChessBase"]
[SourceDate "2015.07.17"]
[SourceVersion "1"]
[SourceVersionDate "2015.07.17"]
[SourceQuality "1"]

1. d4 Nf6 2. c4 e6 3. Nf3 b6 4. g3 Bb7 5. Bg2 Be7 6. 0-0 0-0 7. Nc3 Ne4 8. Qc2 Nxc3 9. Qxc3 c5 10. Rd1 d6 11. b3 Bf6 12. Bb2 Qe7 13. Qc2 Nc6 14. Rac1 Rac8 15. e3 Rfe8 16. dxc5 dxc5 17. Bxf6 Qxf6 18. Rd7 Ba8 19. Ne1 Rcd8 20. Rcd1 g6 21. Qb1 Kg7 22. a3 Rxd7 23. Rxd7 Rd8 24. Rxd8 1/2-1/2

[Event "WC-2017-P-00007"]
[Site "LSS email"]
[Date "2013.02.27"]
[Round "?"]
[White "Nepomuk, Hans"]
[Black "Nowak, Ireneusz"]
[Result "1/2-1/2"]
[WhiteElo "1979"]
[BlackElo "2056"]
[PlyCount "49"]
[EventDate "2013.03.03"]
[EventType "tourn (corr)"]
[EventRounds "12"]
[EventCountry "GER"]
[SourceTitle "Corr 2015"]
[Source "ChessBase"]
[SourceDate "2015.07.17"]
[SourceVersion "1"]
[SourceVersionDate "2015.07.17"]
[SourceQuality "1"]

1. d4 Nf6 2. c4 e6 3. g3 d5 4. Nf3 dxc4 5. Bg2 c5 6. 0-0 Nc6 7. Qa4 Bd7 8. Qxc4 b5 9. Qd3 Rc8 10. dxc5 Bxc5 11. Nc3 h6 12. Nxb5 0-0 13. a3 Qb6 14. Nc3 Ng4 15. Ne4 Nge5 16. Nxe5 Nxe5 17. Qd1 Bc6 18. Nxc5 Qxc5 19. Be3 Qb5 20. a4 Qxb2 21. Qd4 Qxd4 22. Bxd4 Bxg2 23. Kxg2 Nc6 24. Be3 Rc7 25. a5 1/2-1/2

[Event "BI-2012-F-00023"]
[Site "LSS email"]
[Date "2013.02.15"]
[Round "?"]
[White "Falco, Osvaldo"]
[Black "Nepomuk, Hans"]
[Result "0-1"]
[WhiteElo "1133"]
[BlackElo "1844"]
[PlyCount "66"]
[EventDate "2013.02.20"]
[EventType "tourn (corr)"]
[EventRounds "10"]
[EventCountry "GER"]
[SourceTitle "Telechess CBM 161"]
[Source "ChessBase"]
[SourceDate "2014.07.16"]
[SourceVersion "1"]
[SourceVersionDate "2014.07.16"]
[SourceQuality "1"]

1. c4 Nf6 2. Nc3 g6 3. g3 Bg7 4. Bg2 0-0 5. d3 d6 6. Bg5 h6 7. Bd2 e5 8. e4 c6 9. Nge2 Be6 10. 0-0 Qd7 11. Qc1 Kh7 12. b4 d5 13. cxd5 cxd5 14. exd5 Bh3 15. Rb1 Bxg2 16. Kxg2 Nxd5 17. a3 Nc6 18. Rd1 Rfe8 19. Rb3 Nd4 20. Nxd4 exd4 21. Na2 Ne3+ 22. fxe3 dxe3 23. Nc3 exd2 24. Qxd2 Rac8 25. d4 Qc6+ 26. Kg1 Qc4 27. Ne4 Qxb3 28. Nd6 Rc2 29. Qf4 Ree2 30. Ne4 Rg2+ 31. Kh1 Rxh2+ 32. Kg1 Rcg2+ 33. Kf1 Qxd1# 0-1

[Event "BI-2012-F-00023"]
[Site "LSS email"]
[Date "2013.02.15"]
[Round "?"]
[White "Huseby, Juan Carlos"]
[Black "Nepomuk, Hans"]
[Result "0-1"]
[WhiteElo "582"]
[BlackElo "1844"]
[PlyCount "42"]
[EventDate "2013.02.20"]
[EventType "tourn (corr)"]
[EventRounds "10"]
[EventCountry "GER"]
[SourceTitle "Telechess CBM 161"]
[Source "ChessBase"]
[SourceDate "2014.07.16"]
[SourceVersion "1"]
[SourceVersionDate "2014.07.16"]
[SourceQuality "1"]

1. f4 d5 2. d4 Nf6 3. Nd2 c5 4. dxc5 e6 5. b4 a5 6. c3 b6 7. Nb3 Ne4 8. cxb6 axb4 9. e3 bxc3 10. Qd4 Ba6 11. Bxa6 Rxa6 12. a4 Nc6 13. a5 Nxd4 14. Nxd4 Bb4 15. Ba3 Rxa5 16. Nc6 Rxa3 17. Rxa3 c2+ 18. Nxb4 c1Q+ 19. Ke2 Qd2+ 20. Kf3 Qf2+ 21. Kg4 Qdh4# 0-1

[Event "BI-2012-F-00023"]
[Site "LSS email"]
[Date "2013.02.15"]
[Round "?"]
[White "Nepomuk, Hans"]
[Black "Neumann, Frank"]
[Result "1-0"]
[WhiteElo "1844"]
[BlackElo "571"]
[PlyCount "51"]
[EventDate "2013.02.20"]
[EventType "tourn (corr)"]
[EventRounds "10"]
[EventCountry "GER"]
[SourceTitle "Telechess CBM 161"]
[Source "ChessBase"]
[SourceDate "2014.07.16"]
[SourceVersion "1"]
[SourceVersionDate "2014.07.16"]
[SourceQuality "1"]

1. d4 d5 2. c4 dxc4 3. e3 Nf6 4. Bxc4 e6 5. Nf3 Be7 6. 0-0 0-0 7. Qe2 Nc6 8. Rd1 Na5 9. Bd3 g6 10. e4 Nd7 11. Nc3 a6 12. Bf4 c6 13. e5 c5 14. dxc5 Nxc5 15. b4 Nxd3 16. Rxd3 Qc7 17. bxa5 Qxa5 18. Ne4 b5 19. Bg5 Bxg5 20. Nfxg5 Bb7 21. Nf6+ Kg7 22. Rh3 h6 23. Qe3 Rac8 24. Nxe6+ fxe6 25. Qxh6+ Kf7 26. Qh7# 1-0

[Event "CP-2013-Q-00011"]
[Site "LSS email"]
[Date "2013.01.14"]
[Round "?"]
[White "Nepomuk, Hans"]
[Black "Helmer, Janos"]
[Result "1-0"]
[WhiteElo "2066"]
[BlackElo "2122"]
[PlyCount "81"]
[EventDate "2013.01.20"]
[EventType "tourn (corr)"]
[EventRounds "6"]
[EventCountry "GER"]
[SourceTitle "Corr 2022"]
[Source "ChessBase"]
[SourceDate "2021.10.24"]
[SourceVersion "1"]
[SourceVersionDate "2021.10.24"]
[SourceQuality "1"]

1. d4 f5 2. Nf3 Nf6 3. g3 b6 4. Bg2 Bb7 5. c4 e6 6. 0-0 Be7 7. d5 Qc8 8. Nc3 0-0 9. Nd4 c5 10. Nc2 Na6 11. b3 d6 12. Ne3 e5 13. Bh3 g6 14. Nc2 Qd8 15. Bh6 Rf7 16. e4 Bc8 17. f4 exf4 18. exf5 gxf5 19. Rxf4 Ne8 20. Ne4 Ng7 21. Bxg7 fxe4 22. Rxf7 Kxf7 23. Bb2 Bxh3 24. Qh5+ Kg8 25. Qxh3 Qe8 26. Re1 Qg6 27. Qd7 Bg5 28. Rxe4 Rf8 29. Re6 Qf7 30. Qxf7+ Kxf7 31. Rxd6 Ke7 32. Re6+ Kd7 33. Ne1 Nc7 34. Re2 Be7 35. Nd3 Bd6 36. Rf2 Ne8 37. Kg2 a6 38. Ne5+ Kc8 39. Nf7 Be7 40. Be5 Kd7 41. Rf5 1-0

[Event "WC-2016-P-00017"]
[Site "LSS email"]
[Date "2012.02.12"]
[Round "?"]
[White "Kushnaryov, Andrey"]
[Black "Nepomuk, Hans"]
[Result "1/2-1/2"]
[WhiteElo "2020"]
[BlackElo "1758"]
[PlyCount "34"]
[EventDate "2012.02.15"]
[EventType "tourn (corr)"]
[EventRounds "12"]
[EventCountry "GER"]
[SourceTitle "Corr 2015"]
[Source "ChessBase"]
[SourceDate "2015.07.17"]
[SourceVersion "1"]
[SourceVersionDate "2015.07.17"]
[SourceQuality "1"]

1. Nf3 Nf6 2. c4 g6 3. d4 Bg7 4. Nc3 d5 5. Qb3 dxc4 6. Qxc4 0-0 7. e4 a6 8. e5 b5 9. Qb3 Nfd7 10. h4 c5 11. e6 c4 12. exf7+ Rxf7 13. Qd1 Nb6 14. h5 Nc6 15. hxg6 hxg6 16. Be3 Nd5 17. a4 Rb8 1/2-1/2

[Event "WC-2016-P-00017"]
[Site "LSS email"]
[Date "2012.02.12"]
[Round "?"]
[White "Nepomuk, Hans"]
[Black "Matugin, Sergei"]
[Result "1/2-1/2"]
[WhiteElo "1758"]
[BlackElo "2006"]
[PlyCount "65"]
[EventDate "2012.02.15"]
[EventType "tourn (corr)"]
[EventRounds "12"]
[EventCountry "GER"]
[SourceTitle "Telechess CBM 159"]
[Source "ChessBase"]
[SourceDate "2014.03.17"]
[SourceVersion "1"]
[SourceVersionDate "2014.03.17"]
[SourceQuality "1"]

1. d4 d5 2. c4 e6 3. Nf3 Nf6 4. g3 Be7 5. Bg2 0-0 6. 0-0 dxc4 7. Qc2 a6 8. Qxc4 b5 9. Qc2 Bb7 10. Bd2 Be4 11. Qc1 Bb7 12. Bf4 Nd5 13. Nc3 Nxf4 14. Qxf4 Nd7 15. Rfd1 Bd6 16. Qe3 Nb6 17. Ne5 Bxg2 18. Kxg2 f5 19. Rac1 Qf6 20. f4 b4 21. Nb1 g5 22. Qf2 gxf4 23. gxf4 Kh8 24. Nd2 Rg8+ 25. Kh1 Rg7 26. Rg1 Rag8 27. Ndf3 Nd5 28. e3 Qf8 29. Rxg7 Rxg7 30. Nc4 Be7 31. Nce5 Bd6 32. Nc4 Be7 33. Rg1 1/2-1/2

[Event "RC-2011-0-00092"]
[Site "LSS email"]
[Date "2012.01.26"]
[Round "?"]
[White "Draba, Henryk"]
[Black "Nepomuk, Hans"]
[Result "1/2-1/2"]
[WhiteElo "1579"]
[BlackElo "1649"]
[PlyCount "71"]
[EventDate "2011.11.27"]
[EventType "tourn (corr)"]
[EventRounds "6"]
[EventCountry "GER"]
[SourceTitle "Telechess CBM 155"]
[Source "ChessBase"]
[SourceDate "2013.07.16"]
[SourceVersion "1"]
[SourceVersionDate "2013.07.16"]
[SourceQuality "1"]

1. d4 Nf6 2. c4 g6 3. Nc3 d5 4. cxd5 Nxd5 5. e4 Nxc3 6. bxc3 Bg7 7. Nf3 c5 8. Rb1 0-0 9. Be2 cxd4 10. cxd4 Qa5+ 11. Qd2 Qxd2+ 12. Bxd2 b6 13. 0-0 Bb7 14. d5 Rc8 15. Rfc1 Nd7 16. Bb4 Kf8 17. Kf1 Rxc1+ 18. Rxc1 Rc8 19. Rxc8+ Bxc8 20. Nd2 a5 21. Ba3 Bc3 22. Nb3 f5 23. exf5 gxf5 24. d6 e5 25. f3 e4 26. fxe4 fxe4 27. Bg4 Ke8 28. Bf5 Ba6+ 29. Kf2 Bd3 30. Ke3 Bb1 31. Bxe4 Bxa2 32. Kd3 Bb1+ 33. Kxc3 Bxe4 34. g3 Kf7 35. Nd2 Bg2 36. Nc4 1/2-1/2

[Event "RC-2011-0-00092"]
[Site "LSS email"]
[Date "2012.01.26"]
[Round "?"]
[White "Nepomuk, Hans"]
[Black "Ermolaev, Maksim Andreevich"]
[Result "1/2-1/2"]
[WhiteElo "1649"]
[BlackElo "1927"]
[PlyCount "58"]
[EventDate "2011.11.27"]
[EventType "tourn (corr)"]
[EventRounds "6"]
[EventCountry "GER"]
[SourceTitle "Telechess CBM 155"]
[Source "ChessBase"]
[SourceDate "2013.07.16"]
[SourceVersion "1"]
[SourceVersionDate "2013.07.16"]
[SourceQuality "1"]

1. d4 d5 2. c4 c6 3. Nf3 Nf6 4. e3 Bf5 5. Nc3 e6 6. Nh4 Bg6 7. Be2 Nbd7 8. 0-0 dxc4 9. Nxg6 hxg6 10. Bxc4 Qc7 11. h3 0-0-0 12. f4 Nb6 13. Bd3 Kb8 14. Bd2 Nfd5 15. Rf3 Be7 16. a4 Nb4 17. Be2 a5 18. Qb3 N6d5 19. Rd1 f5 20. e4 fxe4 21. Nxe4 Rh4 22. Nc5 Bxc5 23. dxc5 Nxf4 24. Bxf4 Rxd1+ 25. Qxd1 Rxf4 26. Rxf4 Qxf4 27. Qd8+ Ka7 28. Qxa5+ Kb8 29. Qd8+ Ka7 1/2-1/2

[Event "RC-2011-0-00092"]
[Site "LSS email"]
[Date "2012.01.26"]
[Round "?"]
[White "Nepomuk, Hans"]
[Black "Schulz, Hans Juergen"]
[Result "1-0"]
[WhiteElo "1649"]
[BlackElo "1794"]
[PlyCount "89"]
[EventDate "2011.11.27"]
[EventType "tourn (corr)"]
[EventRounds "6"]
[EventCountry "GER"]
[SourceTitle "Telechess CBM 157"]
[Source "ChessBase"]
[SourceDate "2013.11.12"]
[SourceVersion "1"]
[SourceVersionDate "2013.11.12"]
[SourceQuality "1"]

1. d4 d5 2. c4 c6 3. Nf3 Nf6 4. e3 Bg4 5. Qb3 Qb6 6. Nc3 e6 7. Nh4 Bh5 8. h3 Be7 9. g4 Bg6 10. Nxg6 hxg6 11. Bg2 dxc4 12. Qxc4 Nbd7 13. 0-0 0-0 14. e4 e5 15. Be3 Qa5 16. a3 Rfd8 17. dxe5 Nxe5 18. Qe2 Rd3 19. Rfc1 Rad8 20. b4 Qa6 21. Bf1 g5 22. Bxg5 c5 23. Be3 c4 24. g5 Rxc3 25. Rxc3 Nxe4 26. Rc2 Bxg5 27. f4 Ng3 28. Qg2 Nxf1 29. Rxf1 Bh6 30. Qe4 Nd3 31. Qxc4 Qg6+ 32. Rg2 Qf5 33. Rg3 b5 34. Qc7 Rd5 35. Qxa7 Kh7 36. Qe7 g6 37. Bd2 Rd7 38. Qh4 Qe4 39. Qg4 Rd6 40. Rg2 Qd4+ 41. Kh2 Nb2 42. Qe2 Nc4 43. Bc1 Rd7 44. Rg3 Qa7 45. h4 1-0

[Event "ZI-2011-0-01198"]
[Site "LSS email"]
[Date "2011.12.29"]
[Round "?"]
[White "Reede, Arvo"]
[Black "Nepomuk, Hans"]
[Result "1/2-1/2"]
[WhiteElo "1669"]
[BlackElo "1613"]
[PlyCount "46"]
[EventDate "2011.12.24"]
[EventType "match (corr)"]
[EventRounds "2"]
[EventCountry "GER"]
[SourceTitle "Telechess CBM 157"]
[Source "ChessBase"]
[SourceDate "2013.11.12"]
[SourceVersion "1"]
[SourceVersionDate "2013.11.12"]
[SourceQuality "1"]

1. f4 d5 2. Nf3 g6 3. c4 c6 4. e3 Bg7 5. d4 Nf6 6. Be2 0-0 7. 0-0 Bf5 8. Nc3 Nbd7 9. cxd5 Nxd5 10. Nh4 Nxc3 11. bxc3 Be4 12. Nf3 Nf6 13. Qb3 Rb8 14. Ne5 Qc7 15. Ba3 b6 16. Rad1 c5 17. dxc5 bxc5 18. Qa4 e6 19. c4 Rfd8 20. Bf3 Bf8 21. Rfe1 Bxf3 22. Nxf3 Ne4 23. Qc2 Rxd1 1/2-1/2

[Event "CP-2011-P-00043"]
[Site "LSS email"]
[Date "2011.09.30"]
[Round "?"]
[White "Nepomuk, Hans"]
[Black "Fernandez, Javier Horacio"]
[Result "1/2-1/2"]
[WhiteElo "1664"]
[BlackElo "2173"]
[PlyCount "47"]
[EventDate "2011.10.01"]
[EventType "tourn (corr)"]
[EventRounds "6"]
[EventCountry "GER"]
[SourceTitle "Telechess CBM 153"]
[Source "ChessBase"]
[SourceDate "2013.03.14"]
[SourceVersion "1"]
[SourceVersionDate "2013.03.14"]
[SourceQuality "1"]

1. d4 Nf6 2. c4 e6 3. g3 d5 4. Nf3 dxc4 5. Bg2 a6 6. 0-0 Nc6 7. Nc3 Rb8 8. e4 Be7 9. Qe2 Nxd4 10. Nxd4 Qxd4 11. Rd1 Qb6 12. Be3 Qa5 13. Bd2 Qh5 14. Bf3 Qc5 15. Be3 Qb4 16. a3 Qa5 17. Qxc4 c6 18. Qd4 0-0 19. b4 e5 20. Qa7 Qc7 21. Bb6 Ra8 22. Bxc7 Rxa7 23. Bxe5 Be6 24. Bd6 1/2-1/2

[Event "CP-2011-P-00043"]
[Site "LSS email"]
[Date "2011.09.30"]
[Round "?"]
[White "Sorcinelli, Andrea"]
[Black "Nepomuk, Hans"]
[Result "1/2-1/2"]
[WhiteElo "2158"]
[BlackElo "1664"]
[PlyCount "59"]
[EventDate "2011.10.01"]
[EventType "tourn (corr)"]
[EventRounds "6"]
[EventCountry "GER"]
[SourceTitle "Telechess CBM 153"]
[Source "ChessBase"]
[SourceDate "2013.03.14"]
[SourceVersion "1"]
[SourceVersionDate "2013.03.14"]
[SourceQuality "1"]

1. e4 e5 2. Nf3 Nc6 3. Bb5 a6 4. Ba4 Nf6 5. 0-0 Be7 6. Re1 b5 7. Bb3 0-0 8. h3 Bb7 9. d3 d6 10. a3 Qd7 11. Nc3 Rfe8 12. Ne2 Nd8 13. Ng3 Ne6 14. c3 c5 15. a4 Bf8 16. Bg5 Nxg5 17. Nxg5 d5 18. exd5 Nxd5 19. axb5 axb5 20. Rxa8 Bxa8 21. Qg4 Qxg4 22. hxg4 Bb7 23. Nf3 f6 24. g5 Rd8 25. Ra1 Ra8 26. Rxa8 Bxa8 27. Ne4 Be7 28. gxf6 gxf6 29. Nh4 Kf8 30. Nf5 1/2-1/2

[Event "SE-2011-0-00086"]
[Site "LSS email"]
[Date "2011.09.28"]
[Round "?"]
[White "Baez, Jorge Luis"]
[Black "Nepomuk, Hans"]
[Result "0-1"]
[WhiteElo "1441"]
[BlackElo "1613"]
[PlyCount "38"]
[EventDate "2011.08.26"]
[EventType "tourn (corr)"]
[EventRounds "6"]
[EventCountry "GER"]
[SourceTitle "Telechess CBM 157"]
[Source "ChessBase"]
[SourceDate "2013.11.12"]
[SourceVersion "1"]
[SourceVersionDate "2013.11.12"]
[SourceQuality "1"]

1. d4 Nf6 2. c4 g6 3. e3 Bg7 4. Nc3 c5 5. Nf3 0-0 6. Bd3 cxd4 7. exd4 d5 8. 0-0 Nc6 9. h3 Nb4 10. Be2 dxc4 11. Bxc4 Bf5 12. g4 Bc8 13. a3 Nbd5 14. Re1 b6 15. Nxd5 Nxd5 16. Qe2 Bb7 17. Bd2 Rc8 18. Rac1 e6 19. Qe4 Ba8 0-1

[Event "SE-2011-0-00086"]
[Site "LSS email"]
[Date "2011.09.28"]
[Round "?"]
[White "Nepomuk, Hans"]
[Black "Tutov, Nikolay"]
[Result "1-0"]
[WhiteElo "1613"]
[BlackElo "1436"]
[PlyCount "61"]
[EventDate "2011.08.26"]
[EventType "tourn (corr)"]
[EventRounds "6"]
[EventCountry "GER"]
[SourceTitle "Telechess CBM 157"]
[Source "ChessBase"]
[SourceDate "2013.11.12"]
[SourceVersion "1"]
[SourceVersionDate "2013.11.12"]
[SourceQuality "1"]

1. d4 Nf6 2. c4 d6 3. Nc3 e5 4. g3 exd4 5. Qxd4 Nc6 6. Qd2 Be6 7. Nd5 Ne5 8. b3 Ne4 9. Qe3 f5 10. f3 Nc5 11. Bb2 c6 12. Nf4 Qf6 13. 0-0-0 Be7 14. Nd3 Ncd7 15. Nh3 b5 16. cxb5 cxb5 17. Kb1 0-0 18. Bg2 Rac8 19. Nhf4 Bf7 20. Nxe5 Nxe5 21. Qxa7 Rfe8 22. Nd5 Bxd5 23. Rxd5 Qg6 24. f4 Ng4 25. Rxb5 Kf8 26. Rc1 Qe6 27. Rxc8 Rxc8 28. Rb8 Rxb8 29. Qxb8+ Kf7 30. Bc6 Nf6 31. Qb5 1-0

[Event "LSS RF-2011-0-00089"]
[Site "LSS email"]
[Date "2011.09.06"]
[Round "?"]
[White "Martin, Hector Eduardo Lope"]
[Black "Nepomuk, Hans"]
[Result "0-1"]
[WhiteElo "1060"]
[BlackElo "1887"]
[PlyCount "54"]
[EventDate "2011.07.07"]
[EventType "tourn (corr)"]
[EventRounds "6"]
[EventCountry "GER"]
[SourceTitle "Corr 2022"]
[Source "ChessBase"]
[SourceDate "2021.10.24"]
[SourceVersion "1"]
[SourceVersionDate "2021.10.24"]
[SourceQuality "1"]

1. c3 Nf6 2. Nf3 g6 3. d4 Bg7 4. Bf4 0-0 5. Nbd2 d6 6. e3 Nbd7 7. Bd3 Re8 8. c4 e5 9. Bg3 e4 10. Be2 exf3 11. Bxf3 c5 12. Bxd6 cxd4 13. e4 Nxe4 14. Nxe4 f5 15. Qd3 fxe4 16. Bxe4 Nf6 17. f3 Nxe4 18. fxe4 Qxd6 19. 0-0 Qe5 20. Rae1 Bh6 21. Qf3 Be3+ 22. Kh1 Be6 23. b3 Rf8 24. Qe2 Rxf1+ 25. Rxf1 Qxe4 26. Qf3 Qxf3 27. Rxf3 Rf8 0-1